Guess the EXTREME demon! #1 - Statistics

General Stats
  • This quiz has been taken 22 times
  • The average score is 8 of 16
Answer Stats
Picture Answer % Correct
sakupen circles
100%
tidal wave
100%
limbo
94%
black blizzard
81%
xo
75%
congregation
69%
erebus
63%
red world
44%
abyss of darkness
38%
eon
38%
nhelv
38%
allegiance
31%
glowy
31%
maybe possibly thing
19%
the lost existence
19%
the yandere
6%
No matching quizzes found
Score Distribution
Percent of People with Each Score
Percentile by Number Answered
Your Score History
You have not taken this quiz